000 00539nam a2200181Ia 4500
008 100917s9999 xx 000 0 und d
082 _b40346
100 _aबेडेकर विश्राम
245 _aवाजे पाऊळ आपुले
260 _bसाधना प्रकाशन
_c1971
300 _a80
365 _b4
520 _aनाटक
630 _aवाजे पाऊळ आपुले
650 _aनाटक
730 _aवाजे पाऊळ आपुले
942 _cBOOK
999 _c645740
_d645737